The geography of tourism and recreation : Environment, place and space
Contents: introduction: tourism matters; the demand for recreation and tourism; the supply of recreation and tourism; the impacts of tourism and recreation; urban recreation and tourism;...
Guardat en:
| Autor principal: | |
|---|---|
| Altres autors: | |
| Format: | Llibre |
| Idioma: | Vietnamese |
| Publicat: |
New York
Routledge
2006
|
| Edició: | 3rd ed. |
| Matèries: | |
| Etiquetes: |
Afegir etiqueta
Sense etiquetes, Sigues el primer a etiquetar aquest registre!
|
| Thư viện lưu trữ: | Thư viện Trường Đại học Nam Cần Thơ |
|---|
| LEADER | 01061nam a22002297a 4500 | ||
|---|---|---|---|
| 001 | NCT_94690 | ||
| 008 | 211210b xxu||||| |||| 00| 0 vie d | ||
| 999 | |c 4699 |d 4699 | ||
| 020 | |a 0415335612 |c 40000 | ||
| 082 | 0 | 4 | |2 23rd ed. |a 338.4791 |b H174 |
| 100 | 1 | |a Hall, C. Michael | |
| 245 | 1 | 0 | |a The geography of tourism and recreation : |b Environment, place and space |c C. Michael Hall, Stephen J. Page |
| 250 | |a 3rd ed. | ||
| 260 | |a New York |b Routledge |c 2006 | ||
| 300 | |a xxi, 425 p. |b ill. |c 29cm | ||
| 504 | |a Includes bibliographical references and index | ||
| 520 | 3 | |a Contents: introduction: tourism matters; the demand for recreation and tourism; the supply of recreation and tourism; the impacts of tourism and recreation; urban recreation and tourism;... | |
| 653 | |a Quản trị kinh doanh | ||
| 700 | 1 | |a Page, Stephen J. | |
| 942 | |2 ddc |c BK | ||
| 952 | |0 0 |1 0 |2 ddc |4 0 |6 338_479100000000000_H174 |7 0 |9 21857 |a 000001 |b 000001 |d 2021-12-10 |o 338.4791 H174 |p MD.18537 |r 2021-12-10 |v 40000.00 |w 2021-12-10 |y BK | ||
| 980 | |a Thư viện Trường Đại học Nam Cần Thơ | ||


